000 00735nam a22002417a 4500
001 100096
003 UA-OsUOA
005 20201023113655.0
007 ta
008 20130521b un ||||| |||| 00| 0 ukr d
040 _aUA-OsUOA
_brus
_cUA-OsUOA
_dUA-OsUOA
041 _arus
080 _a821.161.1
090 _a821.161.1
_bТ87
100 _aТургенев И. С.
245 _aПолное собрание сочинений и писем в тридцати томах: 1850-1854
_n2
260 _aМ.
_bНаука
_c1987
300 _a624 с.
650 7 _a82 Література. Літературознавство
_2UDC
942 _cBK
_2udc
955 _a3
999 _c386349
_d386349